000 00332nam a2200133Ia 4500
008 240624s9999 xx 000 0 und d
041 _aeng
082 _a658.872 SIM
100 _aSIMPSON ERICK
245 _aBEST I T SALES MARKETING BOOK EVER
260 _c2007
_aUSA
_bMSP University
300 _a464 : p. : cm. ; 25
365 _c
999 _c10686
_d10686